书目信息 |
| 题名: |
河北谚语
|
|
| 作者: | 张俊敏 | |
| 分册: | ||
| 出版信息: | 秦皇岛市河北大街438号 燕山大学出版社 2017 |
|
| 页数: | 513 | |
| 开本: | 29 | |
| 丛书名: | 燕赵书库 | |
| 单 册: | ||
| 中图分类: | I277.7 | |
| 科图分类: | ||
| 主题词: | 民间文学--中国 | |
| 电子资源: | ||
| ISBN: | 978-7-81142-255-9 | |
| 000 | 00632nam0 2200217 450 | |
| 001 | 202312149702753460 | |
| 005 | 20231218093729.04 | |
| 010 | @a978-7-81142-255-9@dCNY188.00 | |
| 100 | @a20231214d km y0chiy0120 ea | |
| 101 | 0 | @achi |
| 200 | 1 | @a河北谚语@AHe Bei Yan Yu@f张俊敏@FZhang Jun Min |
| 205 | @a2021.50 | |
| 210 | @a秦皇岛市河北大街438号@c燕山大学出版社@d2017 | |
| 215 | @a513@d29 | |
| 225 | 2 | @a燕赵书库 |
| 410 | 0 | @12001 @a燕赵书库 |
| 606 | 0 | @a民间文学@x中国 |
| 690 | @aI277.7@v4 | |
| 701 | 0 | @a张俊敏@AZhang Jun Min |
| 801 | 0 | @aCN@b大连网信软件有限公司图书馆·11@c20231218 |
| 905 | @aZUCC@b1053434@dI277.7@e380 | |
| 河北谚语/张俊敏.-2021.50.-秦皇岛市河北大街438号:燕山大学出版社,2017 |
| 513;29.-(燕赵书库) |
| ISBN 978-7-81142-255-9:CNY188.00 |
| ● |
| 相关链接 |
|
|
|
|
正题名:河北谚语
索取号:I277.7/380
 
预约/预借
| 序号 | 登录号 | 条形码 | 馆藏地/架位号 | 状态 | 备注 |
| 1 | 1053434 | 210534340 | 第二借阅区/ [索取号:I277.7/380] | 在馆 | |
| 2 | 1053435 | 210534359 | 第一样本阅览室/ [索取号:I277.7/380] | 在馆 | |
| 3 | 1053436 | 210534368 | 第二借阅区/ [索取号:I277.7/380] | 在馆 | |
| 4 | 1053437 | 210534377 | 第二借阅区/ [索取号:I277.7/380] | 在馆 | |
| 5 | 1053438 | 210534386 | 第二借阅区/ [索取号:I277.7/380] | 在馆 | |
| 6 | 1053439 | 210534395 | 第二借阅区/ [索取号:I277.7/380] | 在馆 | |
| 7 | 1053440 | 210534402 | 第二借阅区/ [索取号:I277.7/380] | 在馆 | |
| 8 | 1053441 | 210534411 | 第二借阅区/ [索取号:I277.7/380] | 在馆 | |
| 9 | 1053442 | 210534420 | 第二借阅区/ [索取号:I277.7/380] | 在馆 | |
| 10 | 1053443 | 210534439 | 第二借阅区/ [索取号:I277.7/380] | 在馆 | |
| 11 | 1053444 | 210534448 | 第二借阅区/ [索取号:I277.7/380] | 在馆 | |
| 12 | 1053445 | 210534457 | 第二借阅区/ [索取号:I277.7/380] | 在馆 | |
| 13 | 1053446 | 210534466 | 第二借阅区/ [索取号:I277.7/380] | 在馆 | |
| 14 | 1053447 | 210534475 | 第二借阅区/ [索取号:I277.7/380] | 在馆 | |
| 15 | 1053448 | 210534484 | 第二借阅区/ [索取号:I277.7/380] | 在馆 | |
| 16 | 1053449 | 210534493 | 第二借阅区/ [索取号:I277.7/380] | 在馆 | |
| 17 | 1053450 | 210534509 | 第二借阅区/ [索取号:I277.7/380] | 在馆 | |
| 18 | 1053451 | 210534518 | 第二借阅区/ [索取号:I277.7/380] | 在馆 | |
| 19 | 1053452 | 210534527 | 第二借阅区/ [索取号:I277.7/380] | 在馆 | |
| 20 | 1053453 | 210534536 | 第二借阅区/ [索取号:I277.7/380] | 在馆 | |
| 21 | 1053454 | 210534545 | 第二借阅区/ [索取号:I277.7/380] | 在馆 | |
| 22 | 1053455 | 210534554 | 第二借阅区/ [索取号:I277.7/380] | 在馆 | |
| 23 | 1053456 | 210534563 | 第二借阅区/ [索取号:I277.7/380] | 在馆 | |
| 24 | 1053457 | 210534572 | 第二借阅区/ [索取号:I277.7/380] | 在馆 | |
| 25 | 1053458 | 210534581 | 第二借阅区/ [索取号:I277.7/380] | 在馆 | |
| 26 | 1053459 | 210534590 | 第二借阅区/ [索取号:I277.7/380] | 在馆 |